Представление документа в формате RUSMARC

ПолеНазваниеЗначение
  Тип записи a
  Библиографический уровень a
001 Контрольный номер RU/CBS_Ul/BASE/433434965
005 Дата корректировки 20240209175130.3
100 Данные общей обработки __
a Данные общей обработки 20130925d2013 ||| 0rusy0189 ca
101 Язык документа 0_
a Язык текста rus
102 Страна публикации __
a Страна публикации RU
105 Кодированные данные (монография) __
a Кодированные данные (монография) y###||||000|y
200 Заглавие и сведения об ответственности 1_
a Заглавие Самопомощь при гипотонии
b Общее обозначение материала Текст
e Сведения, относящиеся к заглавию [о склонности к низкому давлению и способах лечения]
f Первые сведения об ответственности Т. Савельева
300 Общие примечания __
a Общие примечания Ограничения по возрасту - 16+
461 Уровень набора _0
1 2000
a Будь здоров! 100 страниц о самом главном
463 Уровень физической единицы _0
1 001RU/CBS_Ul/BASE/433432929
1 2000
a №9
v С. 34-36.
1 210
d 2013
606 Тематические рубрики __
a Основная рубрика Гипотония
610 Ключевые слова 0_
a Ключевые слова гипотония
a Ключевые слова низкое давление
a Ключевые слова пища гипотоников
a Ключевые слова лечение гипотонии
610 Ключевые слова 0_
a Ключевые слова диета при гипотании
610 Ключевые слова 0_
a Ключевые слова кровяное давление
686 Индексы других классификаций __
a Классификационный индекс 54.10
2 Код системы ББК
700 Автор __
a Фамилия Савельева
b Имя (инициалы) Т.
g Полное личное имя Татьяна
801 Источник записи _0
a Страна RU
b Организация МБУК ЦБС г. Ульяновска
c Дата составления 20130925
g Правила каталогизации RCR
801 Источник записи _1
a Страна RU
b Организация МБУК ЦБС г. Ульяновска
c Дата составления 20130925
g Правила каталогизации RCR
901 Тип документа __
t Тип документа b
w Контрольный № источника RU/CBS_Ul/BASE/433432929
910 Корректоры записи __
a Корректор записи Библиотека 3
938 Служебная информация __
a Имя БД period